|
|
|
|
| LEADER |
00000cam a2200000 a 4500 |
| 001 |
vtls001379353 |
| 003 |
SK-MaSNL |
| 005 |
20260302071458.0 |
| 008 |
220509s1999 xo a fr 10000 slo |
| 015 |
|
|
|a SNBA2000/03-00754
|
| 020 |
|
|
|a 8096816268
|
| 035 |
|
|
|a SNK000333327
|
| 035 |
|
|
|a urn:nbn:sk:snk-am3izs5
|
| 035 |
|
|
|a 025F354F-9525-4793-9306-8DBB9B495D4A
|
| 035 |
|
|
|a urn:nbn:sk:snk-am00gmpz
|
| 040 |
|
|
|a SNK
|b slo
|c SNK
|e AACR2
|
| 041 |
0 |
|
|a slo
|a cze
|b eng
|
| 043 |
|
|
|a e-xo---
|
| 044 |
|
|
|a xo
|c SK
|
| 072 |
|
7 |
|a 639.1
|x Poľovníctvo
|2 konspekt
|
| 080 |
|
|
|a 639.111.1(437.6)(082)
|2 1981
|
| 080 |
|
|
|a 639.111.1
|2 2011
|
| 080 |
|
|
|a 639.1.04
|2 2011
|
| 080 |
|
|
|a (082)
|2 2011
|
| 080 |
|
|
|a (437.6)
|2 2011
|
| 245 |
0 |
0 |
|a Chov jelenej zveri na Slovensku
|b zborník referátov z odborného medzinárodného seminára, Košice, 22. januára 1999
|c editori: Juraj Ciberej ... [et al.]
|
| 260 |
|
|
|a Košice
|b OTA
|c [1999]
|
| 300 |
|
|
|a 115 strán
|b fotografie
|c 21 cm
|
| 366 |
|
|
|e 200 kusov
|
| 500 |
|
|
|a Autor farebnej fotografie: J. Kováč, J. Turza
|
| 546 |
|
|
|a Anglické resumé. Čiastočný text v češtine
|
| 650 |
0 |
7 |
|a jelenia zver
|2 SNKPH
|9 2770
|
| 650 |
0 |
7 |
|a chov zveri
|2 SNKPH
|9 2769
|
| 651 |
|
7 |
|a Slovensko
|2 SNKPHgeo
|
| 655 |
|
7 |
|a zborníky
|2 SNKPH
|9 70165
|
| 700 |
1 |
|
|a Ciberej, Juraj,
|d 1949-
|4 edt
|9 213876
|
| 700 |
1 |
|
|a Kováč, J.
|4 pht
|9 307527
|
| 700 |
1 |
|
|a Turza, J.
|4 pht
|9 733277
|
| 919 |
|
|
|a 80-968162-6-8
|
| 958 |
|
|
|a OND
|
| 958 |
|
|
|a ART
|
| 958 |
|
|
|a TL
|
| 999 |
|
|
|c 1152257
|d 1154187
|
| 952 |
|
|
|t P60, <04>, [BOOK], {604}
|a SNK
|b SNK
|y VYP
|7 0
|p 17A0222486
|o snkSC 100451 D1
|i snkKSP 164/2000
|0 0
|1 0
|4 0
|d 1999-12-20
|l 0
|r 2005-01-02 00:00:00
|w 2026-02-24
|
| 952 |
|
|
|t P60, <03>, [BOOK], {603}
|a SNK
|b SNK
|y PREZ
|7 0
|p 17A0222485
|o snkSC 100451
|i snkKSP 163/2000
|0 0
|1 0
|4 0
|d 1999-12-20
|l 0
|r 2025-09-19 00:00:00
|w 2026-02-24
|